[Event "Wolrd Chess Olympiad 2018"]
[Site "Batumi"]
[Date "2018.10.03"]
[Round "9"]
[Board "2"]
[WhiteFideId "9100075"]
[White "Press Shaun"]
[BlackFideId "19600151"]
[Black "Cheikhna Mohamed Lemine"]
[Result "0-1"]
[LiveChessVersion "1.4.8"]
[BlackElo "1950"]
[WhiteElo "1935"]

1. e4 {[%clk 1:30:57]} e6 {[%clk 1:30:47]} 2. d4 {[%clk 1:31:21]} d5
{[%clk 1:31:06]} 3. exd5 {[%clk 1:31:45]} exd5 {[%clk 1:31:18]} 4. Bd3
{[%clk 1:32:10]} Nc6 {[%clk 1:30:14]} 5. Nf3 {[%clk 1:32:27]} Bg4
{[%clk 1:28:07]} 6. c3 {[%clk 1:31:54]} Bd6 {[%clk 1:21:18]} 7. h3
{[%clk 1:32:06]} Bh5 {[%clk 1:20:33]} 8. O-O {[%clk 1:32:21]} Nf6
{[%clk 1:19:01]} 9. Re1+ {[%clk 1:31:52]} Ne7 {[%clk 1:19:09]} 10. Bg5
{[%clk 1:31:05]} Qd7 {[%clk 1:18:29]} 11. Nbd2 {[%clk 1:28:58]} O-O-O
{[%clk 1:17:14]} 12. Qc2 {[%clk 1:28:54]} Bg6 {[%clk 1:11:27]} 13. Ne5
{[%clk 1:27:12]} Bxe5 {[%clk 1:10:11]} 14. Rxe5 {[%clk 1:24:45]} Nc6
{[%clk 1:06:06]} 15. Ree1 {[%clk 1:24:02]} Rde8 {[%clk 1:05:43]} 16. Bxf6
{[%clk 1:20:15]} gxf6 {[%clk 1:05:40]} 17. Nb3 {[%clk 1:20:34]} b6
{[%clk 1:03:34]} 18. Nd2 {[%clk 1:12:33]} Rhg8 {[%clk 0:59:02]} 19. Kh1
{[%clk 1:10:32]} Kb8 {[%clk 0:58:20]} 20. Nf3 {[%clk 1:03:19]} Qd6
{[%clk 0:45:29]} 21. Nh4 {[%clk 1:02:59]} Bxd3 {[%clk 0:43:08]} 22. Qxd3
{[%clk 1:02:02]} Qf4 {[%clk 0:39:29]} 23. Nf3 {[%clk 1:01:32]} Re4
{[%clk 0:37:54]} 24. Qd2 {[%clk 0:55:28]} Qf5 {[%clk 0:30:14]} 25. Re3
{[%clk 0:50:17]} Rge8 {[%clk 0:18:39]} 26. Rae1 {[%clk 0:49:09]} Qh5
{[%clk 0:16:08]} 27. Rxe4 {[%clk 0:44:50]} dxe4 {[%clk 0:14:44]} 28. Qf4
{[%clk 0:44:19]} f5 {[%clk 0:13:45]} 29. Nh4 {[%clk 0:37:50]} Ne7
{[%clk 0:11:28]} 30. g3 {[%clk 0:37:29]} Rg8 {[%clk 0:08:33]} 31. Qe5
{[%clk 0:35:35]} Qg5 {[%clk 0:07:37]} 32. Re2 {[%clk 0:29:13]} Ng6
{[%clk 0:04:07]} 33. Qxf5 {[%clk 0:28:54]} Qc1+ {[%clk 0:04:19]} 34. Kh2
{[%clk 0:28:56]} Nxh4 {[%clk 0:04:38]} 0-1

[Event "Wolrd Chess Olympiad 2018"]
[Site "Batumi"]
[Date "2018.10.03"]
[Round "9"]
[Board "3"]
[WhiteFideId "19601409"]
[White "Mohamed Lemine Mohamed"]
[BlackFideId "9100032"]
[Black "Marko Helmut"]
[Result "1-0"]
[LiveChessVersion "1.4.8"]
[BlackElo "1902"]
[WhiteElo "1844"]

1. e4 {[%clk 1:30:57]} c5 {[%clk 1:30:46]} 2. Nf3 {[%clk 1:31:08]} Nc6
{[%clk 1:30:59]} 3. d3 {[%clk 1:30:38]} g6 {[%clk 1:30:48]} 4. g3
{[%clk 1:30:48]} Bg7 {[%clk 1:31:03]} 5. Bg2 {[%clk 1:31:09]} e5 {[%clk 1:30:41]}
6. O-O {[%clk 1:31:14]} Nge7 {[%clk 1:30:27]} 7. c3 {[%clk 1:26:47]} O-O
{[%clk 1:30:05]} 8. Be3 {[%clk 1:22:12]} d6 {[%clk 1:28:49]} 9. Qd2
{[%clk 1:21:20]} b6 {[%clk 1:22:47]} 10. Nh4 {[%clk 1:16:49]} Rb8
{[%clk 1:20:20]} 11. f4 {[%clk 1:16:10]} f6 {[%clk 1:17:49]} 12. f5
{[%clk 1:07:49]} g5 {[%clk 1:16:08]} 13. Nf3 {[%clk 1:07:39]} d5 {[%clk 1:14:37]}
14. g4 {[%clk 1:03:45]} dxe4 {[%clk 1:10:43]} 15. dxe4 {[%clk 1:04:03]} Qxd2
{[%clk 1:08:58]} 16. Nbxd2 {[%clk 1:04:22]} Rd8 {[%clk 1:08:52]} 17. Rfd1
{[%clk 1:04:09]} Ba6 {[%clk 1:08:42]} 18. Bf1 {[%clk 1:04:04]} Bxf1
{[%clk 1:07:22]} 19. Nxf1 {[%clk 1:01:41]} Kf7 {[%clk 1:05:22]} 20. Kf2
{[%clk 0:57:21]} Bf8 {[%clk 1:00:16]} 21. Ke2 {[%clk 0:54:54]} Ke8
{[%clk 0:59:25]} 22. Bf2 {[%clk 0:54:27]} Rb7 {[%clk 0:56:48]} 23. Ne3
{[%clk 0:48:50]} Rbd7 {[%clk 0:47:07]} 24. a4 {[%clk 0:46:02]} h6
{[%clk 0:38:59]} 25. Nc4 {[%clk 0:42:38]} Nc8 {[%clk 0:37:19]} 26. h4
{[%clk 0:35:21]} Nd6 {[%clk 0:35:46]} 27. Nxd6+ {[%clk 0:30:16]} Rxd6
{[%clk 0:34:15]} 28. Nd2 {[%clk 0:28:11]} Na5 {[%clk 0:32:12]} 29. Be3
{[%clk 0:22:34]} R6d7 {[%clk 0:19:25]} 30. h5 {[%clk 0:21:37]} c4
{[%clk 0:18:31]} 31. Rab1 {[%clk 0:18:55]} Bc5 {[%clk 0:13:04]} 32. Bxc5
{[%clk 0:17:04]} bxc5 {[%clk 0:13:31]} 33. Nf1 {[%clk 0:15:44]} Nb3
{[%clk 0:08:06]} 34. Rxd7 {[%clk 0:12:41]} Rxd7 {[%clk 0:08:34]} 35. Rd1
{[%clk 0:12:38]} Na5 {[%clk 0:06:35]} 36. Ne3 {[%clk 0:11:00]} Rb7
{[%clk 0:02:34]} 37. Rd2 {[%clk 0:10:01]} Nb3 {[%clk 0:02:34]} 38. Rd1
{[%clk 0:08:03]} Na5 {[%clk 0:01:38]} 39. Rd2 {[%clk 0:08:17]} Nb3
{[%clk 0:02:06]} 40. Rc2 {[%clk 0:34:28]} Na1 {[%clk 0:32:09]} 41. Nxc4
{[%clk 0:31:51]} Ke7 {[%clk 0:29:09]} 42. Rd2 {[%clk 0:28:44]} Nb3
{[%clk 0:28:15]} 43. Rd6 {[%clk 0:28:17]} Nc1+ {[%clk 0:19:42]} 44. Kd1
{[%clk 0:26:09]} Nb3 {[%clk 0:17:12]} 45. Re6+ {[%clk 0:26:22]} Kd8
{[%clk 0:17:09]} 46. Rxf6 {[%clk 0:25:02]} Rd7+ {[%clk 0:17:10]} 47. Kc2
{[%clk 0:21:10]} Na1+ {[%clk 0:17:18]} 48. Kb1 {[%clk 0:21:33]} Rd1+
{[%clk 0:17:05]} 49. Ka2 {[%clk 0:21:55]} Nc2 {[%clk 0:17:06]} 50. Nxe5
{[%clk 0:21:14]} Re1 {[%clk 0:16:19]} 51. Re6 {[%clk 0:21:09]} Ne3
{[%clk 0:14:55]} 52. f6 {[%clk 0:20:44]} Rf1 {[%clk 0:14:54]} 53. f7
{[%clk 0:20:21]} 1-0

[Event "Wolrd Chess Olympiad 2018"]
[Site "Batumi"]
[Date "2018.10.03"]
[Round "9"]
[Board "4"]
[WhiteFideId "9100121"]
[White "Jones Rupert"]
[BlackFideId "19601441"]
[Black "Mohamed Abderrahim Taleb Mohamed"]
[Result "1/2-1/2"]
[LiveChessVersion "1.4.8"]
[BlackElo "1776"]
[WhiteElo "1790"]

1. e4 {[%clk 1:30:56]} e6 {[%clk 1:30:43]} 2. d4 {[%clk 1:30:53]} d5
{[%clk 1:30:56]} 3. exd5 {[%clk 1:30:23]} exd5 {[%clk 1:31:22]} 4. Bd3
{[%clk 1:30:03]} Nf6 {[%clk 1:30:49]} 5. Nf3 {[%clk 1:30:16]} Bd6
{[%clk 1:30:36]} 6. O-O {[%clk 1:29:20]} O-O {[%clk 1:31:01]} 7. h3
{[%clk 1:28:09]} h6 {[%clk 1:29:55]} 8. Re1 {[%clk 1:26:05]} b6 {[%clk 1:29:14]}
9. Ne5 {[%clk 1:20:57]} c5 {[%clk 1:25:43]} 10. c3 {[%clk 1:19:36]} Qc7
{[%clk 1:19:23]} 11. Bf4 {[%clk 1:12:19]} Nc6 {[%clk 1:16:11]} 12. Na3
{[%clk 1:05:34]} a6 {[%clk 1:15:28]} 13. Nc2 {[%clk 0:54:25]} c4 {[%clk 1:11:52]}
14. Bf1 {[%clk 0:54:52]} Bf5 {[%clk 1:10:17]} 15. Nxc6 {[%clk 0:49:07]} Qxc6
{[%clk 1:09:56]} 16. Bxd6 {[%clk 0:40:17]} Qxd6 {[%clk 1:10:10]} 17. Ne3
{[%clk 0:35:20]} Bg6 {[%clk 1:06:24]} 18. Ng4 {[%clk 0:31:59]} Nxg4
{[%clk 1:02:19]} 19. Qxg4 {[%clk 0:32:24]} Rfe8 {[%clk 1:01:13]} 20. Qg3
{[%clk 0:23:48]} Qxg3 {[%clk 0:57:20]} 21. fxg3 {[%clk 0:24:16]} Be4
{[%clk 0:52:58]} 22. Kf2 {[%clk 0:22:43]} Re7 {[%clk 0:50:29]} 23. Re3
{[%clk 0:22:25]} Rae8 {[%clk 0:50:18]} 24. Rae1 {[%clk 0:22:42]} b5
{[%clk 0:48:01]} 25. a3 {[%clk 0:18:43]} f5 {[%clk 0:44:15]} 26. Be2
{[%clk 0:16:48]} g6 {[%clk 0:43:21]} 27. Bf3 {[%clk 0:17:11]} Kg7
{[%clk 0:37:57]} 28. R3e2 {[%clk 0:14:54]} Rf7 {[%clk 0:31:02]} 29. Kg1
{[%clk 0:14:02]} Kf8 {[%clk 0:26:46]} 30. Re3 {[%clk 0:12:59]} Rfe7 1/2-1/2

[Event "Wolrd Chess Olympiad 2018"]
[Site "Batumi"]
[Date "2018.10.03"]
[Round "9"]
[Board "1"]
[WhiteFideId "15800059"]
[White "Banlock Benjamin Didier"]
[BlackFideId "21400113"]
[Black "Mimbasa Kutesa Willy"]
[Result "1-0"]
[LiveChessVersion "1.4.8"]
[BlackElo "1760"]
[WhiteElo "2058"]

1. d4 {[%clk 1:30:55]} d5 {[%clk 1:30:29]} 2. Nf3 {[%clk 1:31:11]} Nf6
{[%clk 1:29:53]} 3. c4 {[%clk 1:31:19]} h6 {[%clk 1:29:10]} 4. cxd5
{[%clk 1:28:02]} Qxd5 {[%clk 1:27:16]} 5. Nc3 {[%clk 1:28:24]} Qd8
{[%clk 1:26:44]} 6. e4 {[%clk 1:27:40]} e6 {[%clk 1:25:49]} 7. Bd3
{[%clk 1:25:40]} Be7 {[%clk 1:25:19]} 8. Bf4 {[%clk 1:23:41]} O-O
{[%clk 1:25:28]} 9. Qe2 {[%clk 1:23:33]} Nc6 {[%clk 1:25:16]} 10. e5
{[%clk 1:20:20]} Nd5 {[%clk 1:24:39]} 11. Qe4 {[%clk 1:17:32]} f5
{[%clk 1:24:42]} 12. exf6 {[%clk 1:16:57]} Nxf6 {[%clk 1:24:39]} 13. Qe2
{[%clk 1:15:48]} Nxd4 {[%clk 1:23:35]} 14. Nxd4 {[%clk 1:16:09]} Qxd4
{[%clk 1:23:35]} 15. Be5 {[%clk 1:15:51]} Qb6 {[%clk 1:22:22]} 16. O-O
{[%clk 1:15:34]} Qb4 {[%clk 1:18:16]} 17. Bxc7 {[%clk 1:12:37]} Bd7
{[%clk 1:15:19]} 18. a3 {[%clk 1:12:14]} Qc5 {[%clk 1:15:08]} 19. Bg3
{[%clk 1:12:21]} a6 {[%clk 1:14:39]} 20. Ne4 {[%clk 1:11:04]} Qf5
{[%clk 1:09:16]} 21. b4 {[%clk 1:07:54]} Bc6 {[%clk 1:08:33]} 22. Nc5
{[%clk 1:06:39]} Qd5 {[%clk 1:07:16]} 23. Qxe6+ {[%clk 1:06:53]} Kh8
{[%clk 1:07:04]} 24. Qxd5 {[%clk 1:06:13]} Nxd5 {[%clk 1:06:26]} 25. Rfe1
{[%clk 1:05:48]} Bf6 {[%clk 1:06:21]} 26. Be5 {[%clk 1:05:45]} Rfe8
{[%clk 1:01:59]} 27. Bxf6 {[%clk 1:04:26]} Nxf6 {[%clk 0:58:11]} 28. f3
{[%clk 0:59:54]} Rad8 {[%clk 0:57:14]} 29. Rxe8+ {[%clk 0:59:36]} Rxe8
{[%clk 0:56:17]} 30. Kf2 {[%clk 0:56:10]} g5 {[%clk 0:56:08]} 31. Re1
{[%clk 0:53:41]} Rxe1 {[%clk 0:54:04]} 32. Kxe1 g4 33. Be4 {[%clk 0:49:54]} Nxe4
{[%clk 0:52:28]} 34. fxe4 {[%clk 0:50:10]} Kg7 {[%clk 0:51:50]} 35. Kf2
{[%clk 0:50:29]} Kf6 {[%clk 0:51:44]} 36. Ke3 {[%clk 0:50:54]} Kg5
{[%clk 0:49:43]} 37. g3 {[%clk 0:51:14]} h5 {[%clk 0:48:12]} 38. Kd4
{[%clk 0:51:28]} Kf6 {[%clk 0:47:59]} 39. Nd3 {[%clk 0:51:48]} b6
{[%clk 0:46:49]} 40. Nf4 {[%clk 0:52:09]} Kg5 {[%clk 0:44:28]} 41. Nd5
{[%clk 1:22:00]} h4 {[%clk 1:07:37]} 42. Nxb6 {[%clk 1:15:49]} hxg3
{[%clk 1:07:51]} 43. hxg3 {[%clk 1:16:01]} Kf6 {[%clk 1:07:57]} 44. Nd5+
{[%clk 1:16:18]} Ke6 {[%clk 1:07:30]} 45. Ne3 {[%clk 1:16:41]} Kd6
{[%clk 1:06:00]} 46. Nxg4 {[%clk 1:16:58]} a5 {[%clk 1:06:08]} 47. bxa5
{[%clk 1:17:07]} Ke6 {[%clk 1:05:06]} 48. Ne3 {[%clk 1:16:58]} Kd6
{[%clk 1:04:22]} 49. g4 {[%clk 1:16:38]} Ke6 {[%clk 1:04:28]} 50. g5
{[%clk 1:17:01]} Kf7 {[%clk 1:04:29]} 51. Nd5 {[%clk 1:17:22]} Bb7
{[%clk 1:04:27]} 52. Nc7 {[%clk 1:17:22]} Kg6 {[%clk 1:03:29]} 53. a6
{[%clk 1:15:09]} Bc6 {[%clk 1:03:07]} 54. a7 {[%clk 1:15:30]} Kxg5 55. a8=Q Bxa8
{[%clk 1:03:21]} 56. Nxa8 {[%clk 1:15:52]} Kf6 57. Nb6 Ke6 {[%clk 1:03:35]} 58.
e5 {[%clk 1:16:12]} Ke7 {[%clk 1:03:06]} 59. Kd5 {[%clk 1:16:34]} Kd8
{[%clk 1:03:18]} 60. Kd6 {[%clk 1:16:58]} Ke8 {[%clk 1:03:32]} 1-0

[Event "Wolrd Chess Olympiad 2018"]
[Site "Batumi"]
[Date "2018.10.03"]
[Round "9"]
[Board "1"]
[WhiteFideId "21200149"]
[White "Ephoevi-Ga Adama Mawulikplimi"]
[BlackFideId "9700110"]
[Black "Goorsahye Antoine"]
[Result "0-1"]
[LiveChessVersion "1.4.8"]
[BlackElo "1793"]
[WhiteElo "1848"]

1. b3 {[%clk 1:30:53]} e5 {[%clk 1:30:31]} 2. Bb2 {[%clk 1:31:17]} Nc6
{[%clk 1:30:56]} 3. e3 {[%clk 1:31:30]} Nf6 {[%clk 1:30:14]} 4. Bb5
{[%clk 1:30:18]} d6 {[%clk 1:29:27]} 5. Nf3 {[%clk 1:26:47]} Be7 {[%clk 1:29:25]}
6. d4 {[%clk 1:26:23]} e4 {[%clk 1:27:43]} 7. d5 {[%clk 1:22:46]} a6
{[%clk 1:26:05]} 8. Nd4 {[%clk 1:19:46]} axb5 {[%clk 1:24:48]} 9. dxc6
{[%clk 1:19:45]} b4 {[%clk 1:22:52]} 10. O-O {[%clk 1:16:18]} O-O
{[%clk 1:23:04]} 11. c3 {[%clk 1:12:48]} d5 {[%clk 1:22:26]} 12. Qd2
{[%clk 1:08:29]} Qd6 {[%clk 1:18:36]} 13. cxb7 {[%clk 1:05:26]} Bxb7
{[%clk 1:18:53]} 14. Nf5 {[%clk 1:05:29]} Qd7 {[%clk 1:17:27]} 15. Nxe7+
{[%clk 1:05:46]} Qxe7 {[%clk 1:17:48]} 16. cxb4 {[%clk 1:05:52]} Ba6
{[%clk 1:12:39]} 17. Rc1 {[%clk 1:03:40]} Bd3 {[%clk 1:11:31]} 18. Bxf6
{[%clk 0:58:43]} Qxf6 {[%clk 1:07:36]} 19. Qc3 {[%clk 0:58:15]} Qf5
{[%clk 1:05:51]} 20. Nd2 {[%clk 0:56:49]} Rfc8 {[%clk 1:01:18]} 21. Qc5
{[%clk 0:53:45]} Ra6 {[%clk 0:59:18]} 22. f4 {[%clk 0:47:16]} Rg6
{[%clk 0:52:51]} 23. Nf1 {[%clk 0:40:48]} Qg4 {[%clk 0:45:13]} 24. g3
{[%clk 0:30:55]} c6 {[%clk 0:38:41]} 25. Rd1 {[%clk 0:24:08]} h5 {[%clk 0:36:19]}
26. Rxd3 {[%clk 0:20:04]} exd3 {[%clk 0:35:51]} 27. Qd4 {[%clk 0:20:04]} Qe2
{[%clk 0:31:50]} 28. a4 {[%clk 0:13:53]} h4 {[%clk 0:29:38]} 29. Rb1
{[%clk 0:13:45]} hxg3 {[%clk 0:25:56]} 30. hxg3 {[%clk 0:13:38]} d2
{[%clk 0:20:17]} 31. Qxd2 {[%clk 0:10:59]} Rxg3+ {[%clk 0:19:53]} 32. Kh1
{[%clk 0:08:55]} Qf3+ {[%clk 0:14:17]} 33. Kh2 {[%clk 0:06:58]} Rh3+
{[%clk 0:14:32]} 0-1

[Event "Wolrd Chess Olympiad 2018"]
[Site "Batumi"]
[Date "2018.10.03"]
[Round "9"]
[Board "2"]
[WhiteFideId "9700250"]
[White "Raimbert Ronald"]
[BlackFideId "21200017"]
[Black "Amewounou Komlan Kouessan"]
[Result "1-0"]
[LiveChessVersion "1.4.8"]
[BlackElo "1758"]
[WhiteElo "1747"]

1. d4 {[%clk 1:30:59]} Nf6 {[%clk 1:30:54]} 2. c4 {[%clk 1:31:28]} g6
{[%clk 1:31:16]} 3. Nc3 {[%clk 1:31:56]} Bg7 {[%clk 1:31:38]} 4. e4
{[%clk 1:32:24]} d6 {[%clk 1:31:50]} 5. f3 {[%clk 1:32:52]} Nc6 {[%clk 1:30:49]}
6. Nge2 {[%clk 1:33:11]} O-O {[%clk 1:30:00]} 7. Be3 {[%clk 1:33:38]} e5
{[%clk 1:29:16]} 8. d5 {[%clk 1:34:00]} Na5 {[%clk 1:28:54]} 9. Nc1
{[%clk 1:33:41]} b6 {[%clk 1:28:29]} 10. b4 {[%clk 1:33:23]} Nb7 {[%clk 1:28:41]}
11. Nd3 {[%clk 1:28:51]} Ne8 {[%clk 1:28:53]} 12. Qd2 {[%clk 1:23:15]} f5
{[%clk 1:29:19]} 13. O-O-O {[%clk 1:23:20]} f4 {[%clk 1:29:31]} 14. Bf2
{[%clk 1:23:47]} a5 {[%clk 1:29:16]} 15. a3 {[%clk 1:24:15]} axb4
{[%clk 1:29:17]} 16. axb4 {[%clk 1:24:44]} Bd7 {[%clk 1:28:53]} 17. Kb2
{[%clk 1:24:24]} Nf6 {[%clk 1:28:52]} 18. Be2 {[%clk 1:24:38]} c5
{[%clk 1:27:39]} 19. dxc6 {[%clk 1:23:33]} Bxc6 {[%clk 1:27:44]} 20. Ra1
{[%clk 1:23:30]} Qc7 {[%clk 1:27:25]} 21. b5 {[%clk 1:19:56]} Bd7
{[%clk 1:27:36]} 22. Nb4 {[%clk 1:20:19]} Na5 {[%clk 1:22:13]} 23. Qd3
{[%clk 1:11:55]} Be6 {[%clk 1:14:37]} 24. Ncd5 {[%clk 1:08:49]} Bxd5
{[%clk 1:11:54]} 25. Nxd5 {[%clk 1:09:05]} Nxd5 {[%clk 1:12:06]} 26. Qxd5+
{[%clk 1:06:37]} Kh8 {[%clk 1:12:34]} 27. Ra4 {[%clk 0:58:07]} h6
{[%clk 0:58:10]} 28. Rha1 {[%clk 0:57:17]} Ra7 {[%clk 0:56:18]} 29. Rd1
{[%clk 0:33:21]} Rd8 {[%clk 0:55:11]} 30. c5 {[%clk 0:33:22]} bxc5
{[%clk 0:55:06]} 31. Bxc5 {[%clk 0:33:43]} Rc8 {[%clk 0:55:12]} 32. b6
{[%clk 0:27:25]} Rb7 {[%clk 0:52:02]} 33. Rxa5 {[%clk 0:27:35]} dxc5
{[%clk 0:52:07]} 34. Kc2 {[%clk 0:22:35]} Rxb6 {[%clk 0:52:05]} 35. Qd7
{[%clk 0:21:55]} Qb8 {[%clk 0:45:19]} 36. Bb5 {[%clk 0:19:55]} Rb7
{[%clk 0:29:23]} 37. Qd3 {[%clk 0:20:16]} c4 {[%clk 0:11:09]} 38. Qd5
{[%clk 0:20:35]} Bf8 {[%clk 0:03:24]} 39. Kc3 {[%clk 0:02:59]} Rc5
{[%clk 0:03:33]} 40. Qd8 {[%clk 0:33:28]} Rcxb5 {[%clk 0:33:04]} 41. Rxb5
{[%clk 0:33:46]} Rxb5 {[%clk 0:32:35]} 42. Qf6+ {[%clk 0:34:06]} Kh7
{[%clk 0:32:42]} 43. Rd7+ {[%clk 0:34:29]} 1-0

[Event "Wolrd Chess Olympiad 2018"]
[Site "Batumi"]
[Date "2018.10.03"]
[Round "9"]
[Board "3"]
[WhiteFideId "21200254"]
[White "Numatsi Yawotsu Dzigba"]
[BlackFideId "9700099"]
[Black "Marie Patrick"]
[Result "1/2-1/2"]
[LiveChessVersion "1.4.8"]
[BlackElo "1955"]
[WhiteElo "1661"]

1. e4 {[%clk 1:30:59]} c5 {[%clk 1:30:49]} 2. Nf3 {[%clk 1:31:26]} g6
{[%clk 1:31:11]} 3. d4 {[%clk 1:31:41]} cxd4 {[%clk 1:31:39]} 4. Nxd4
{[%clk 1:32:10]} Bg7 {[%clk 1:31:35]} 5. Nc3 {[%clk 1:30:51]} Nc6
{[%clk 1:31:50]} 6. Be3 {[%clk 1:29:54]} Nf6 {[%clk 1:30:42]} 7. Bd3
{[%clk 1:28:01]} O-O {[%clk 1:30:51]} 8. Qd2 {[%clk 1:26:52]} d5 {[%clk 1:30:57]}
9. exd5 {[%clk 1:23:11]} Nxd5 {[%clk 1:31:17]} 10. Nxd5 {[%clk 1:22:58]} Qxd5
{[%clk 1:28:20]} 11. Nxc6 {[%clk 1:23:00]} Qxc6 {[%clk 1:28:13]} 12. O-O-O
{[%clk 1:18:41]} Be6 {[%clk 1:27:29]} 13. Qa5 {[%clk 1:15:11]} Rfc8
{[%clk 1:21:50]} 14. c3 {[%clk 1:11:55]} b6 {[%clk 1:14:41]} 15. Qb5
{[%clk 1:12:03]} Qxb5 {[%clk 1:00:27]} 16. Bxb5 {[%clk 1:12:24]} Rd8
{[%clk 0:53:15]} 17. Kb1 {[%clk 1:11:52]} Bf5+ {[%clk 0:41:37]} 18. Kc1
{[%clk 1:08:47]} Be4 {[%clk 0:41:18]} 19. Rxd8+ {[%clk 1:04:50]} Rxd8
{[%clk 0:41:31]} 20. f3 {[%clk 1:05:05]} Bf5 {[%clk 0:38:50]} 21. Rd1
{[%clk 1:03:38]} Rxd1+ {[%clk 0:39:03]} 22. Kxd1 {[%clk 1:00:17]} Be5
{[%clk 0:36:57]} 23. g3 {[%clk 0:57:58]} Bc8 {[%clk 0:33:06]} 24. Kd2
{[%clk 0:54:06]} f5 {[%clk 0:32:47]} 25. f4 {[%clk 0:54:27]} Bc7 {[%clk 0:31:05]}
26. a4 {[%clk 0:51:40]} e5 {[%clk 0:27:51]} 27. Bc4+ {[%clk 0:47:49]} Kg7
{[%clk 0:27:12]} 28. fxe5 {[%clk 0:41:21]} Bxe5 {[%clk 0:27:21]} 29. Bd5
{[%clk 0:38:12]} Kf6 {[%clk 0:26:08]} 30. a5 {[%clk 0:36:51]} bxa5
{[%clk 0:26:01]} 31. Bxa7 {[%clk 0:37:18]} f4 {[%clk 0:26:20]} 32. Bd4
{[%clk 0:34:09]} fxg3 {[%clk 0:25:11]} 33. hxg3 {[%clk 0:33:53]} Bxd4
{[%clk 0:24:31]} 34. cxd4 {[%clk 0:34:09]} Be6 {[%clk 0:24:45]} 35. Bg2
{[%clk 0:31:09]} Kg5 {[%clk 0:24:46]} 36. Ke3 {[%clk 0:30:46]} Kg4
{[%clk 0:25:12]} 37. Kf2 {[%clk 0:29:12]} h5 {[%clk 0:25:01]} 38. Bf3+
{[%clk 0:27:22]} Kg5 {[%clk 0:17:40]} 39. Bg2 {[%clk 0:21:32]} Kf6
{[%clk 0:10:12]} 40. Ke3 {[%clk 0:51:32]} g5 {[%clk 0:39:50]} 41. Bf3
{[%clk 0:45:13]} h4 {[%clk 0:39:29]} 42. gxh4 {[%clk 0:45:12]} gxh4
{[%clk 0:39:56]} 43. d5 {[%clk 0:43:34]} Bd7 {[%clk 0:40:22]} 44. Kd4
{[%clk 0:44:01]} Kf5 {[%clk 0:39:37]} 45. Be4+ {[%clk 0:42:50]} Kf4
{[%clk 0:39:45]} 46. Bh1 {[%clk 0:42:26]} h3 {[%clk 0:40:10]} 47. Be4
{[%clk 0:37:19]} h2 {[%clk 0:36:44]} 48. Bh1 {[%clk 0:34:54]} Kg3
{[%clk 0:27:22]} 49. Ke3 {[%clk 0:32:42]} Bh3 {[%clk 0:25:56]} 50. d6
{[%clk 0:32:25]} Bd7 {[%clk 0:26:02]} 51. Bb7 {[%clk 0:29:02]} Kg4
{[%clk 0:24:39]} 52. Kf2 {[%clk 0:25:02]} Kf4 {[%clk 0:23:50]} 53. Kg2
{[%clk 0:24:43]} Ke5 {[%clk 0:23:14]} 54. Kxh2 {[%clk 0:24:04]} Kxd6
{[%clk 0:20:22]} 55. Kg2 {[%clk 0:23:29]} Kc5 {[%clk 0:14:02]} 56. Kf2
{[%clk 0:23:29]} Kb4 {[%clk 0:13:56]} 57. Bd5 {[%clk 0:22:45]} Bb5
{[%clk 0:09:48]} 58. Ke1 {[%clk 0:19:18]} Ba4 {[%clk 0:09:16]} 59. Kd2
{[%clk 0:19:09]} Kc5 {[%clk 0:08:47]} 60. b3 {[%clk 0:18:32]} 1/2-1/2

[Event "Wolrd Chess Olympiad 2018"]
[Site "Batumi"]
[Date "2018.10.03"]
[Round "9"]
[Board "4"]
[WhiteFideId "9700170"]
[White "Jotee Ashvin"]
[BlackFideId "21200742"]
[Black "Kolani-Banake Sopague"]
[Result "1-0"]
[LiveChessVersion "1.4.8"]
[BlackElo "1635"]
[WhiteElo "1751"]

1. c4 {[%clk 1:30:55]} c6 {[%clk 1:30:29]} 2. Nf3 {[%clk 1:29:58]} d5
{[%clk 1:30:03]} 3. cxd5 {[%clk 1:28:49]} cxd5 {[%clk 1:30:28]} 4. d4
{[%clk 1:28:24]} Nf6 {[%clk 1:30:21]} 5. e3 {[%clk 1:26:41]} e6 {[%clk 1:30:33]}
6. Bd3 {[%clk 1:25:25]} Bd6 {[%clk 1:30:28]} 7. Nc3 {[%clk 1:25:19]} O-O
{[%clk 1:28:49]} 8. O-O {[%clk 1:24:53]} Nbd7 {[%clk 1:24:17]} 9. e4
{[%clk 1:09:26]} dxe4 {[%clk 1:13:34]} 10. Nxe4 {[%clk 1:06:44]} Be7
{[%clk 1:12:22]} 11. h3 {[%clk 1:02:03]} b6 {[%clk 0:58:41]} 12. Bf4
{[%clk 0:58:46]} Nd5 {[%clk 0:52:47]} 13. Bg3 {[%clk 0:53:27]} Bb7
{[%clk 0:46:27]} 14. Nd6 {[%clk 0:46:46]} Bxd6 {[%clk 0:45:37]} 15. Bxd6
{[%clk 0:46:58]} Re8 {[%clk 0:46:02]} 16. Rc1 {[%clk 0:37:09]} N7f6
{[%clk 0:44:46]} 17. Bg3 {[%clk 0:31:03]} Rc8 {[%clk 0:29:43]} 18. Qa4
{[%clk 0:22:30]} a6 {[%clk 0:21:55]} 19. Rxc8 {[%clk 0:18:49]} Qxc8
{[%clk 0:21:53]} 20. a3 {[%clk 0:17:33]} b5 {[%clk 0:21:46]} 21. Qd1
{[%clk 0:17:29]} Nb6 {[%clk 0:16:35]} 22. Ne5 {[%clk 0:16:27]} Na4
{[%clk 0:16:10]} 23. Qe2 {[%clk 0:12:32]} Bd5 {[%clk 0:15:54]} 24. Rd1
{[%clk 0:11:25]} Qb7 {[%clk 0:14:55]} 25. f3 {[%clk 0:10:05]} Rc8
{[%clk 0:15:23]} 26. Bh4 {[%clk 0:09:22]} Nd7 {[%clk 0:11:08]} 27. Qd2
{[%clk 0:08:37]} Nxe5 {[%clk 0:08:10]} 28. dxe5 {[%clk 0:08:50]} Bxf3
{[%clk 0:08:20]} 29. gxf3 {[%clk 0:08:21]} Qxf3 {[%clk 0:08:48]} 30. Be4
{[%clk 0:07:53]} Qxh3 {[%clk 0:08:45]} 31. Qd8+ {[%clk 0:08:07]} 1-0